| 000 | 00632cam a2200205 4500 | ||
|---|---|---|---|
| 005 | 20230613133242.0 | ||
| 008 | 230605t1971 mx o|||gr||| 00| 0 spa|d | ||
| 050 | 0 | 4 |
_aDK254.T6 _bS47 1971 |
| 100 | 1 | _aSerge, Victor | |
| 240 | 1 | 0 |
_aVie et mort de Trotsky. _lEspañol. |
| 245 | 1 | 0 |
_aVida y muerte de Trotsky _c / Victor Serge ; traducción J. E. Spilimbergo. |
| 250 | _a1a ed. | ||
| 260 |
_aMéxico : _bJuan Pablos Editor, _c1971 |
||
| 300 |
_a286 p. : _bil. ; _c1971 |
||
| 500 | _a | ||
| 504 | _aIncluye bibliografía | ||
| 600 | 1 |
_aTrotskii, Lev, _d1879-1940 |
|
| 700 | 1 |
_aSpilimbergo, J. E., _etraductor. |
|
| 942 |
_2lcc _cLIB |
||
| 999 |
_c64638 _d64638 |
||